A housekeeping szerepe a vendégélmény növelésében a Mercure Budapest Korona Hotelben

Bibliográfiai részletek
Szerző: Polyák Adrienn
További közreműködők: Schablik dr Vilmos
Dokumentumtípus: Projektmunka
Megjelent: 2018-03-18
Kulcsszavak:szálloda
ACCOR
Housekeeping
Online Access:http://dolgozattar.uni-bge.hu/16913

MARC

LEADER 00000nnm a2200000 i 4500
001 dolg16913
005 20180925140929.0
008 180515s2018 hu o 000 hun d
040 |a BGE Dolgozattár Repozitórium  |b hun 
041 |a hu 
100 1 |a Polyák Adrienn 
245 1 2 |a A housekeeping szerepe a vendégélmény növelésében a Mercure Budapest Korona Hotelben  |c Polyák Adrienn  |h [elektronikus dokumentum] 
246 1 1 |a A housekeeping szerepe a vendégélmény növelésében a Mercure Budapest Korona Hotelben 
260 |c 2018-03-18 
516 |a Project_work 
695 |a szálloda 
695 |a ACCOR  
695 |a Housekeeping 
700 1 |a Schablik dr Vilmos  |e ths 
856 4 0 |u http://dolgozattar.uni-bge.hu/16913/17/Projektmunka.pdf  |z Dokumentum-elérés